<?xml version="1.0" encoding="UTF-8"?>
<record
    xmlns:xsi="http://www.w3.org/2001/XMLSchema-instance"
    xsi:schemaLocation="http://www.loc.gov/MARC21/slim http://www.loc.gov/standards/marcxml/schema/MARC21slim.xsd"
    xmlns="http://www.loc.gov/MARC21/slim">

  <leader>01806cam a2200265 i 4500</leader>
  <controlfield tag="001">18087747</controlfield>
  <controlfield tag="003">OSt</controlfield>
  <controlfield tag="005">20150818035216.0</controlfield>
  <controlfield tag="008">140331s2015    maua   g b    001 0 eng  </controlfield>
  <datafield tag="020" ind1=" " ind2=" ">
    <subfield code="a">9781292002972</subfield>
  </datafield>
  <datafield tag="040" ind1=" " ind2=" ">
    <subfield code="a">Ma-un</subfield>
    <subfield code="b">eng</subfield>
  </datafield>
  <datafield tag="043" ind1=" " ind2=" ">
    <subfield code="a">d------</subfield>
  </datafield>
  <datafield tag="082" ind1="0" ind2="0">
    <subfield code="a">338.90091724</subfield>
    <subfield code="2">22</subfield>
    <subfield code="b">TME</subfield>
  </datafield>
  <datafield tag="100" ind1="1" ind2=" ">
    <subfield code="a">Todaro, Michael P.</subfield>
    <subfield code="9">50794</subfield>
  </datafield>
  <datafield tag="245" ind1="1" ind2="0">
    <subfield code="a">Economic development /</subfield>
    <subfield code="c">Michael P. Todaro, Stephen C. Smith.</subfield>
  </datafield>
  <datafield tag="250" ind1=" " ind2=" ">
    <subfield code="a">Twelfth edition.</subfield>
  </datafield>
  <datafield tag="260" ind1=" " ind2=" ">
    <subfield code="a">Boston :</subfield>
    <subfield code="b">Pearson,</subfield>
    <subfield code="c">2015.</subfield>
  </datafield>
  <datafield tag="300" ind1=" " ind2=" ">
    <subfield code="a">xxvii, 860 p. :</subfield>
    <subfield code="b">illustrations ;</subfield>
    <subfield code="c">26 cm</subfield>
  </datafield>
  <datafield tag="504" ind1=" " ind2=" ">
    <subfield code="a">Includes bibliographical references and indexes.</subfield>
  </datafield>
  <datafield tag="505" ind1="0" ind2=" ">
    <subfield code="a">Principles and concepts -- Introducing economic development : a global perspective -- Comparative economic development -- Classic theories of economic growth and development -- Contemporary models of development and underdevelopment -- Problems and policies : domestic -- Poverty, inequality, and development -- Population growth and economic development : causes, consequences, and controversies -- Urbanization and rural-urban migration : theory and policy -- Human capital : education and health in economic development -- Agricultural transformation and rural development -- The environment and development -- Development policymaking and the roles of market, state, and civil society -- Problems and policies : international and macro -- International trade theory and development strategy -- Balance of payments, debt, financial crises, and stabilization policies -- Foreign finance, investment, aid, and conflict: controversies and opportunities -- Finance and fiscal policy for development.</subfield>
  </datafield>
  <datafield tag="650" ind1=" " ind2="0">
    <subfield code="a">Economic development.</subfield>
    <subfield code="9">50795</subfield>
  </datafield>
  <datafield tag="651" ind1=" " ind2="0">
    <subfield code="a">Developing countries</subfield>
    <subfield code="x">Economic policy.</subfield>
    <subfield code="9">50796</subfield>
  </datafield>
  <datafield tag="700" ind1="1" ind2=" ">
    <subfield code="a">Smith, Stephen C.,</subfield>
    <subfield code="d">1955-</subfield>
    <subfield code="9">50797</subfield>
  </datafield>
  <datafield tag="942" ind1=" " ind2=" ">
    <subfield code="2">ddc</subfield>
    <subfield code="c">BOOK</subfield>
  </datafield>
  <datafield tag="999" ind1=" " ind2=" ">
    <subfield code="c">38105</subfield>
    <subfield code="d">272605</subfield>
  </datafield>
  <datafield tag="952" ind1=" " ind2=" ">
    <subfield code="1">0</subfield>
    <subfield code="2">2015-08-18</subfield>
    <subfield code="4">0</subfield>
    <subfield code="7">0</subfield>
    <subfield code="a">338.90091724 TME</subfield>
    <subfield code="c">1</subfield>
    <subfield code="d">2015-08-18</subfield>
    <subfield code="h">CL</subfield>
    <subfield code="i">00220191</subfield>
    <subfield code="m">CL</subfield>
    <subfield code="r">2015-08-18 00:00:00</subfield>
    <subfield code="t">BOOK</subfield>
    <subfield code="w">ddc</subfield>
    <subfield code="y">0</subfield>
  </datafield>
  <datafield tag="952" ind1=" " ind2=" ">
    <subfield code="1">0</subfield>
    <subfield code="2">2015-08-18</subfield>
    <subfield code="4">0</subfield>
    <subfield code="7">0</subfield>
    <subfield code="a">338.90091724 TME</subfield>
    <subfield code="c">2</subfield>
    <subfield code="d">2015-08-18</subfield>
    <subfield code="h">CL</subfield>
    <subfield code="i">00220190</subfield>
    <subfield code="m">CL</subfield>
    <subfield code="r">2015-08-18 00:00:00</subfield>
    <subfield code="t">BOOK</subfield>
    <subfield code="w">ddc</subfield>
    <subfield code="y">0</subfield>
  </datafield>
  <datafield tag="952" ind1=" " ind2=" ">
    <subfield code="1">0</subfield>
    <subfield code="2">2015-08-18</subfield>
    <subfield code="4">0</subfield>
    <subfield code="7">0</subfield>
    <subfield code="a">338.90091724 TME</subfield>
    <subfield code="c">2</subfield>
    <subfield code="d">2015-08-18</subfield>
    <subfield code="h">CL</subfield>
    <subfield code="i">00220189</subfield>
    <subfield code="m">CL</subfield>
    <subfield code="r">2015-08-18 00:00:00</subfield>
    <subfield code="t">BOOK</subfield>
    <subfield code="w">ddc</subfield>
    <subfield code="y">0</subfield>
  </datafield>
</record>
